MDQL
is popping MORE tags! Check the
thread
!
Quizzes
Events
Quiz Creation
Community
Videos
Private Events
Remove Ads
Sign In
Join for FREE
Feedback
Dark Mode
Quiz Categories
Sports
Geography
Music
Movies
Television
Just For Fun
Miscellaneous
History
Literature
Language
Science
Gaming
Entertainment
Religion
Holiday
For Kids
Quiz Lab
Recent
Popular Today
Quiz Kudos Today
Editor Picks
Curator Picks
Quizzes by...
Day
Popularity
Type
Ratings
Length
Year
Community
Subscriptions
Recent Discussions
Orange Saloon
Badges
Playlists
Quests
Create
Leaderboards
Showdown
Live 5
Trivia Bingo
Activity
Puzzle Library
Sporcle Events
Private Events
Virtual Trivia
Globe League
Become a Host
Pub Owners
SporcleCon
Opinionation
Our Games
Videos
Blog
Mobile Apps
Partnerships
Remove Ads and Go Orange
Feedback
Geography
Country
Landmarks
City
State
Population
World
Capital
Continent
Flags
Europe
Africa
Asia
South America
North America
Oceania
Border
Canada
United Kingdom
Topography
United States
Geography
Country
Landmarks
City
State
Population
World
Capital
Continent
Flags
Europe
Africa
Asia
South America
North America
Oceania
Border
Canada
United Kingdom
Topography
United States
Random Quiz
Search Sporcle
×
Quiz Lab
Quiz Lab
Geography
Topography
Type in answers that appear in a list
Type in answers that appear in a list
Classic
Best Score? Go Orange.
River Counties of Illinois Stats
Can you name the river counties of Illinois?
By
emily_stork
6m
49 Questions
102 Plays
102 Plays
102 Plays
Comments
Comments
Give Quiz Kudos
Give Quiz Kudos
-
- Ratings
hide this ad
More Info
Replay
Link that replays current quiz
Next Quiz
Link to next quiz in quiz playlist
You Got
0%
They Got
Avg Score
64%
Avg Friend Score
Upgrade to see
Score Distribution
Jump to the score distribution portion of the page
Score
0/49
Timer
06:00
0
Plays Today
River
County
% Correct
Illinois River
Peoria
84.3%
Mississippi River
Rock Island
82.4%
Mississippi River
St. Clair
82.4%
Mississippi River
Madison
81.4%
Mississippi River
Jo Daviess
79.4%
Illinois River
LaSalle
77.5%
Mississippi River
Adams
76.5%
Ohio River
Massac
75.5%
Mississippi River
Alexander
73.5%
Ohio River
Alexander
73.5%
Mississippi River
Jackson
72.5%
Wabash River
White
72.5%
Mississippi River
Calhoun
70.6%
Illinois River
Calhoun
70.6%
Wabash River
Wabash
70.6%
Mississippi River
Monroe
69.6%
Illinois River
Tazewell
69.6%
Illinois River
Grundy
68.6%
Ohio River
Pope
68.6%
Mississippi River
Pike
67.6%
Illinois River
Pike
67.6%
Ohio River
Pulaski
67.6%
Mississippi River
Carroll
66.7%
Mississippi River
Whiteside
66.7%
Illinois River
Putnam
66.7%
River
County
% Correct
Mississippi River
Randolph
64.7%
Mississippi River
Union
63.7%
Mississippi River
Mercer
62.7%
Mississippi River
Jersey
62.7%
Illinois River
Jersey
62.7%
Mississippi River
Hancock
60.8%
Ohio River
Hardin
59.8%
Illinois River
Bureau
58.8%
Illinois River
Mason
57.8%
Illinois River
Woodford
56.9%
Illinois River
Fulton
56.9%
Illinois River
Marshall
55.9%
Illinois River
Greene
55.9%
Mississippi River
Henderson
54.9%
Wabash River
Gallatin
54.9%
Ohio River
Gallatin
54.9%
Illinois River
Schuyler
52.9%
Wabash River
Crawford
52%
Illinois River
Brown
51%
Wabash River
Clark
51%
Wabash River
Lawrence
51%
Illinois River
Scott
49%
Illinois River
Morgan
48%
Illinois River
Cass
46.1%
Quiz Playlist
Details
Report
Send in Message
Add To Playlist
More Info:
Name the Illinois counties which border the following major rivers of the state.
Classic:
Type in answers that appear in a list
Last Updated: Apr 5, 2017
Quiz Scoreboard
CHALLENGE
Sign Up to Join the Scoreboard
Show All
Scores
Hide
Comments
May contain spoilers
Recently Published
Find the 'City' Movie
by crazypaving
Movies
60s
5x2 Blitz: Bands
by SL_Kpop136
Music
30s
Colored Red Africa Blitz
by spor1
Geography
30s
More to Explore
Quiz From the Vault
Featured Blog Post
14 Easter Pick-up Lines to Find Eggs With
hide this ad
You Might Also Like...
Tags
Topography Quiz
counties
illinois
River
Today's Top Quizzes in Geography
Browse Geography
hide this ad
Today's Top Quizzes in Topography
Browse Topography
Top Contributed Quizzes in Geography
1
Countries of the World - No Outlines Minefield
2
Colored Red Europe Blitz I
3
Colored Red Africa Blitz II
4
Colored Red Europe Blitz II
5
Colored Red Africa Blitz III
6
Colored Red Europe Blitz III
7
Colored Red States Blitz I
8
African Flag Reveal XLVI
9
Colored Red States Blitz II
10
Colored Red States Blitz III
Explore More
Trending Topics
Disney
Anime
Harry Potter
Crossword
NBA
Kpop
Marvel
WWE
Puzzle
The Office
Song
NFL
Pokémon
Soccer
Country
hide this ad
More By:
emily_stork
Quiz
Plays
Rating
Category
Featured
Created
Illinois cities better known elsewhere
1,320
4.68
Geography
Sep 8, 2010
River Counties of Illinois
102
5.00
Geography
Sep 8, 2010
first name cities of Illinois
86
Geography
Sep 9, 2010
Go to Creator's Profile
Score Distribution
Quiz Creator Spotlight
emily_stork
Follow
Send a Message
Quizzes Created
-
Created Quiz Play Count
-
More By This Creator
Popular Quizzes Today
1
Colored Red Africa Blitz
2
Find the 'City' Movie
3
Find the US States - No Outlines Minefield
4
5x2 Blitz: Bands
5
The Countries of the World
6
Find the US States
7
Find the Countries of Europe - No Outlines Minefield
8
US States
More Geography Quizzes
Almost Useless Europe Trivia
Published
Trending Quizzes
Colored Red Europe Blitz I
Colored Red Africa Blitz II
Colored Red Europe Blitz II
Colored Red Africa Blitz III
Colored Red Europe Blitz III
Recently Updated
How Do You Spell That?
pecheneg
Godzilla Movies
pecheneg
Grab Bag: 4-10 Letters
pecheneg
2024 March Madness Bracket
pecheneg
Famous TV Couples
Peacemaker
Champions League XIs: Real Madrid
pecheneg
Largest US Cities 1790-2010
pecheneg
Rides in Walt Disney World
pecheneg
Most Oscar Losses (Acting)
pecheneg
Beyoncé Albums
pecheneg
Trending Topics
Anime
NBA
Harry Potter
Marvel
Crossword
Disney
Kpop
Pokémon
Song
WWE
Country
Puzzle
The Office
NFL
Soccer
Your Account Isn't Verified!
In order to create a playlist on Sporcle, you need to verify the email address you used during registration. Go to your
Sporcle Settings
to finish the process.
Report this User
Report this user for behavior that violates our
Community Guidelines
.
Details:
Send Report
Go to the Sporcle.com Mobile Site →
Comments